| 000 | 00624nam a22001937a 4500 | ||
|---|---|---|---|
| 003 | OSt | ||
| 005 | 20221109214029.0 | ||
| 008 | 221006b |||||||| |||| 00| 0 eng d | ||
| 020 | _a85-88742-02-0 | ||
| 040 | _cBiblioteca Lado V | ||
| 082 |
_a750 _bH548a |
||
| 100 |
_913 _aHerkenhoff, Paulo _ecurador |
||
| 245 |
_aArte Brasileira na colecao Fadel/ _bda inquietacao do moderno a autonomia da linguagem/ |
||
| 260 |
_aBrasil _bAndrea Jakobsson _c2002 |
||
| 300 |
_c24x31cm _a208p. |
||
| 700 |
_aBonito Oliva, Achille _etextos |
||
| 700 |
_aLea Remba, Luis e _etextos |
||
| 942 |
_2ddc _c1 _h750 _iH548a _n0 |
||
| 999 |
_c2547 _d2547 |
||